Test de Stroop - Cliquez sur les mots de même couleur - Mort Subite - Statistiques

Statistiques générales
  • Ce quiz a été pris 4 315 fois
  • Le résultat moyen est 4 sur 8
Answers on the Grid
Answers color-coded by a green-red scale on the quiz's grid according to % correct below.
ROUGE
BLEU
JAUNE
VIOLET
ORANGE
VERT
ROSE
NOIR
ROUGE
BLEU
JAUNE
VIOLET
ORANGE
VERT
ROSE
NOIR
ROUGE
BLEU
JAUNE
VIOLET
ORANGE
VERT
ROSE
NOIR
ROUGE
BLEU
JAUNE
VIOLET
ORANGE
VERT
ROSE
NOIR
ROUGE
BLEU
JAUNE
VIOLET
ORANGE
VERT
ROSE
NOIR
ROUGE
BLEU
JAUNE
VIOLET
ORANGE
VERT
ROSE
NOIR
ROUGE
BLEU
JAUNE
VIOLET
ORANGE
VERT
ROSE
NOIR
ROUGE
BLEU
JAUNE
VIOLET
ORANGE
VERT
ROSE
NOIR
 
Statistiques - réponses
Réponse % Correct
BLEU
61%
ROUGE
57%
NOIR
56%
VERT
54%
JAUNE
53%
ORANGE
51%
VIOLET
41%
ROSE
36%
Aucun quiz correspondant
Distribution des résultats
% des personnes avec chaque résultat
Percentile par nombre de réponses
Votre historique - résultats
Vous n’avez pas pris ce quiz